High Temperature Superconductivity (Record no. 191350)

MARC details
000 -LEADER
fixed length control field 00460nam a2200193Ia 4500
008 - FIXED-LENGTH DATA ELEMENTS--GENERAL INFORMATION
fixed length control field 240823s9999||||xx |||||||||||||| ||und||
082 ## - DEWEY DECIMAL CLASSIFICATION NUMBER
-- 537.623 M9
100 ## - MAIN ENTRY--PERSONAL NAME
Personal name Pachauri R K
245 #0 - TITLE STATEMENT
Title High Temperature Superconductivity
250 ## - EDITION STATEMENT
Edition statement 1st
260 ## - PUBLICATION, DISTRIBUTION, ETC. (IMPRINT)
Date of publication, distribution, etc 1989
Name of publisher, distributor, etc "TERI,New Delhi"
500 ## - GENERAL NOTE
General note YES
650 ## - SUBJECT ADDED ENTRY--TOPICAL TERM
Topical term or geographic name as entry element Conductivity
700 ## - ADDED ENTRY--PERSONAL NAME
Personal name Sanjeev Mukerjee
942 ## - ADDED ENTRY ELEMENTS (KOHA)
Item type Books
Holdings
Withdrawn status Lost status Damaged status Permanent location Current location Date acquired Source of acquisition Cost, normal purchase price Full call number Barcode Date last seen Koha item type
      CENTRAL LIBRARY, NOORUL ISLAM CENTRE FOR HIGHER EDUCATION CENTRAL LIBRARY, NOORUL ISLAM CENTRE FOR HIGHER EDUCATION 05/09/2003 "Union Book Stall,Bombay" 100.00 537.623 M9 4348 08/23/2024 Books
Visitors:
Copyright © 2024 Central Library NICHE.  All rights reserved.